Neurociencia: la exploración del cerebro
Պահպանված է:
| Հիմնական հեղինակներ: | , , |
|---|---|
| Ձևաչափ: | Գիրք |
| Լեզու: | իսպաներեն |
| Հրապարակվել է: |
Barcelona
Wolters Kluwer
2016
|
| Հրատարակություն: | 4a. ed |
| Խորագրեր: | |
| Ցուցիչներ: |
Ավելացրեք ցուցիչ
Չկան պիտակներ, Եղեք առաջինը, ով նշում է այս գրառումը!
|
MARC
| LEADER | 00000cam a2200000 a 4500 | ||
|---|---|---|---|
| 001 | UCD8060 | ||
| 003 | CL-VaPUC | ||
| 008 | 170422e20160000sp |||||||||||||||||spa|d | ||
| 020 | |a 9788416353613 | ||
| 082 | 0 | 4 | |a 616.8 |b BEAR |2 21 |
| 100 | 0 | |a Bear, Mark F |e author |9 591914 | |
| 700 | 0 | |a Connors, Barry W |e author |9 591915 | |
| 700 | 0 | |a Paradiso, Michael A |e author |9 591916 | |
| 245 | 1 | 0 | |a Neurociencia: la exploración del cerebro |
| 250 | |a 4a. ed | ||
| 300 | |a 975 p | ||
| 942 | |c BK | ||
| 945 | |d 20170422 00:05:00 |a arojas | ||
| 260 | |a Barcelona |b Wolters Kluwer |c 2016 | ||
| 650 | 0 | |a Neurociencias |9 424346 | |
| 650 | 0 | |a Sistema nervioso central |9 312521 | |
| 650 | 0 | |a Sistema nervioso |9 266815 | |
| 650 | 7 | |a CORTEZA CEREBRAL |2 CL-VaPUC |9 389609 | |
| 650 | 0 | |a Cerebro |9 307262 | |
| 650 | 0 | |a Cerebelo |9 343853 | |
| 583 | |a last modification |c 20170422 00:05:00 |k Rodrigo Vera | ||
| 999 | |c 367823 |d 367821 | ||
| 952 | |0 0 |1 0 |3 erb |4 0 |6 616_800000000000000_BEAR_2016 |7 0 |8 R |9 482926 |a BIBEDU |b BIBEDU |c MCIRC |i 5373131 |l 1 |o 616.8 BEAR 2016 |p 5373131 |r 2023-01-13 |s 2022-05-31 |w 2019-11-24 |y BK_R |z Catalogado en:20170422 |k EDI | ||
| 952 | |0 0 |1 0 |3 erb |4 0 |6 616_800000000000000_BEAR_2016 |7 0 |8 R |9 482927 |a BIBEDU |b BIBEDU |c MCIRC |i 537314K |l 1 |o 616.8 BEAR 2016 |p 537314K |r 2023-08-03 |s 2023-08-03 |w 2019-11-24 |y BK_R |z Catalogado en:20170422 |k EDI | ||